00415nam a22001457a 450000500170000000800410001702000150005804100120007308200120008510000120009724500520010926000510016130000310021265000260024320240816074729.0240816b |||||||| |||| 00| 0 eng d a0406965439 aEnglish a349 ALL lEnglish aThe All England Law Reports: Annual Review 2002 aLondon: bButterworth and Company Ltd, c2003  bxxxv, 410 pages; c25 cm.  aLegal practice bLaw